[Event "Tatarstan-ch op"]
[Site "Kazan"]
[Date "2007.08.20"]
[Round "1"]
[White "Khabarov, Alexey"]
[Black "Kamov, Igor"]
[Result "0-1"]
[WhiteElo "2096"]
[BlackElo "2217"]
[PlyCount "90"]
[EventDate "2007.08.20"]
[EventType "swiss"]
[EventRounds "9"]
[EventCountry "RUS"]
[SourceTitle "EXT 2009"]
[Source "ChessBase"]
[SourceDate "2008.11.26"]
[SourceVersion "1"]
[SourceVersionDate "2008.11.26"]
[SourceQuality "1"]

1. c4 Nf6 2. Nc3 g6 3. g3 Bg7 4. Bg2 0-0 5. Nf3 c5 6. 0-0 Nc6 7. d3 a6 8. Rb1 Rb8 9. Bd2 b5 10. b3 d6 11. Re1 Qc7 12. Qc1 Re8 13. Nd5 Qa7 14. Bc3 Nxd5 15. Bxg7 Kxg7 16. cxd5 Nd4 17. Nxd4 cxd4 18. Qb2 Kg8 19. h4 Bg4 20. Rbc1 Rbc8 21. Bf3 Bd7 22. h5 Rxc1 23. Rxc1 Rc8 24. hxg6 hxg6 25. Kg2 Rxc1 26. Qxc1 b4 27. Be4 Kg7 28. Qg5 Be8 29. f4 Qc7 30. Qh4 f6 31. Qg4 Qd7 32. f5 g5 33. Bf3 Qa7 34. Qh3 Bf7 35. Qg4 Qc5 36. Qe4 Kf8 37. Kf2 a5 38. Kg2 Qc2 39. Kf2 Qb2 40. Kf1 a4 41. bxa4 Qxa2 42. Qxd4 b3 43. Qc4 Qa1+ 44. Kf2 b2 45. Qc8+ Kg7 0-1